000 01070nam a2200505Ia 4500
001 29904
003 95457
005 20241210122700.0
008 ||||||n9999 ||| || ||
020 _a883904322
041 _aeng
082 _219
_a158
100 _aPfeiffer, William J.
_943386
245 0 _aGuide Index
260 _aEstados Unidos :
_bPfeiffer & Company,
_c1994.
300 _av28 199p
490 _aLibrary
_v28
562 _e1
650 0 _aAnálisis de contenido
_910788
650 _aGUIA
_99358
650 _aÍNDICES
_926708
650 _aOBRA DE REFERENCIA
_925084
942 _cBKM
942 _cBKM
999 _c29904
_d29904
526 _a
526 _a17598
526 _a102617
526 _a102618
526 _a15794
526 _a102619
526 _a1703
526 _a102620
526 _a10406
526 _a105630
526 _a1698
526 _a116204
526 _a51868
526 _a4969
526 _a19790
526 _a104436
526 _a5144
526 _a1697
526 _a3899
526 _a9683